| 000 | 00827nam a2200301Ia 4500 | ||
|---|---|---|---|
| 003 | OSt | ||
| 005 | 20221006142528.0 | ||
| 006 | a|||||r|||| 00| 0 | ||
| 007 | ta | ||
| 008 | 221006b |||||||| |||| 00| 0 eng d | ||
| 020 | _cP25.00 (each) | ||
| 024 | _a6,534 | ||
| 037 | _cTextual | ||
| 040 |
_aEASL _cEASL _beng |
||
| 041 |
_2eng _aeng |
||
| 082 | _aY:1v41, N6-;1 | ||
| 100 |
_aGernet J _9133446 |
||
| 245 | 0 | _aHistory of Chinese civilization | |
| 260 |
_aLondon _bCambridge University _c1996 |
||
| 300 |
_a772p. _ccm. |
||
| 490 | _v CEL | ||
| 650 | _a CEL | ||
| 650 |
_aChina - Civilization _9583158 |
||
| 700 |
_a Foster J.R Tr. _9647887 |
||
| 700 |
_a Hartman Charles _9647888 |
||
| 942 |
_hY:1v41, N6-;1 _cTEXL _2CC |
||
| 999 |
_c1074620 _d1074620 |
||